00446nam a2200133Ia 4500008004100000100001800041245009600059245001800155260003900173260000900212650001800221650001500239856005800254170221s9999 xx 000 0 und d aJens Tenscher aMedia Consumption and Regional Perceptions of Global Climate Change: Findings from Germany  cJens Tenscher bStudies in Media and Communication c2016 xCommunication xMedia Arts uhttp://redfame.com/journal/index.php/smc/issue/view/6